000
00287nam a2200085Ia 4500
245
0
_a
The Kasrils affair : Jews and minority politics in post-apartheid South Africa
100
_a
Pollak, Joel B. [Cape Town], 2009
_9
82505
942
_c
BK
008
210817s9999 xx 000 0 und d
999
_c
298323
_d
298323